| 000 | 00441nam a2200157 a 4500 | ||
|---|---|---|---|
| 001 | 000045781 | ||
| 005 | 20201002052435.0 | ||
| 008 | 150417s1993 dr 000 0 spa d | ||
| 040 |
_aDO-SdBNP _bspa _cBNPHU |
||
| 082 |
_axxxx _bxxxx |
||
| 100 | 1 |
_aReyes, Freddy _910802 |
|
| 245 | 1 | 4 |
_aLas epistolas / _cFreddy Reyes. |
| 260 |
_aSanto Domingo : _bBúho, _c1993. |
||
| 300 |
_a236 p. ; _c22 cm. |
||
| 500 | _aIncluye datos biografícos del autor. | ||
| 999 |
_c45270 _d45270 |
||